MARC

Tag First Indicator Second Indicator Subfields
LEADER 00000cam a22000004a 4500
001 in00003385912
005 20190405181444.0
006 m o d
007 cr |||||||nn|n
008 110321s2011 flu o d eng d
010 |z  2011012176 
020 |a 9780813040691 
020 |z 9780813036953 (alk. paper) 
020 |z 081303695X (alk. paper) 
035 |a (MdBmJHUP)muse9780813040691 
040 |a MdBmJHUP  |c MdBmJHUP  |d UtOrBLW 
043 |a n-usu-- 
050 0 0 |a G155.U6  |b M43 2011 
082 0 0 |a 917.504/41  |2 22 
100 1 |a McIntyre, Rebecca Cawood. 
245 1 0 |a Souvenirs of the old South :  |b Northern tourism and Southern mythology /  |c Rebecca Cawood McIntyre. 
264 1 |a Gainesville :  |b University Press of Florida,  |c [2011] 
264 4 |c ©2011 
300 |a 1 online resource (xii, 215 pages :) :  |b illustrations 
336 |a text  |b txt  |2 rdacontent 
337 |a computer  |b c  |2 rdamedia 
338 |a online resource  |b cr  |2 rdacarrier 
504 |a Includes bibliographical references (pages [191]-207) and index. 
588 |a Description based on print version record. 
500 |a Electronic resource. 
650 0 |a Stereotypes (Social psychology)  |z Southern States  |x History. 
650 0 |a Group identity  |z Southern States  |x History. 
650 0 |a Travel in literature. 
650 0 |a Brochures  |z Southern States  |x History. 
650 0 |a Tourism  |x Social aspects  |z Southern States  |x History. 
651 0 |a Southern States  |x Social life and customs. 
655 7 |a Electronic books.  |2 local 
856 4 0 |u http://proxy.library.tamu.edu/login?url=http://muse.jhu.edu/books/9780813040691/  |z Connect to the full text of this electronic book  |t 0 
999 |a MARS 
999 f f |s 68c61f68-6103-3cbc-a26f-4a5e27c1831e  |i aac30394-a611-3406-9150-a0d8896a0f7d  |t 0 
952 f f |a Texas A&M University  |b College Station  |c Electronic Resources  |d Available Online  |t 0  |e G155.U6 M43 2011  |h Library of Congress classification 
998 f f |a G155.U6 M43 2011  |t 0  |l Available Online